000 00572nam a2200229Ia 4500
003 OSt
005 20230517153416.0
008 210423s2012 xx 000 0 und d
020 _a9788126144990
040 _cAL
041 _aeng
082 _a574.192 MORL
_223
100 _aMORAN (Laurence A);others.
_9107026
245 _aPrinciples of biochemistry.
250 _a5
260 _aNew York
_bPearson
_c2012
300 _axxxiii,786
_bPB
365 _b3997
_cINR
650 _aBiochemistry
_9107027
906 _abiochemistry. ; Principles
942 _2ddc
_cBK
999 _c164917
_d164917